000 00962nas a2200277 4500
001 BR8101039
003 BR-BrBNA
005 20231205084536.0
007 ta
008 230509b bl.|||p| |||| 00| 00por d
040 _aBR-BrBNA
_bpor
_cBiblioteca Nacional de Agricultura
041 _a(Pt)
072 _aH20
100 1 _aLopes, C.A.
245 1 _aDoencas bacterianas da batata [Solanum tuberosum; Murcha bacteriana; Podridao mole; Sarna de planta]
246 1 _a[Bacterial diseases of potato [Solanum tuberosum; Bacterial wilt; Soft rot; Plant scabies]]
650 _aDoenca de planta
650 _aBatata
650 _aMurcha bacteriana
650 _aBacteria
650 _aPodridao mole
650 _aSarna de planta
773 0 _tInforme Agropecuario - Empresa de Pesquisa Agropecuaria de Minas Gerais (Brazil)
_xISSN 0100-3364
_g(Apr 1981), v. 7(76) p. 40-42
_wBR8101039
909 _a202311
_bLúcia
_c55
_dLúcia Elande
942 _2AGRIS
_n0
_cANA
999 _c105813
_d105813